Najnovšia amnestia vo veciach priestupkov
Vláda Slovenskej republiky nedávno udelila amnestiu na priestupky súvisiace s protipandemickými opatreniami zavedenými počas COVID-19. Článok obsahuje podrobnosti o právnych úpravách a mechanizmoch, ktoré určujú aplikáciu a obmedzenia tejto amnestie, pričom konkretizuje, že sa nevzťahuje na iné sprá...
Salvato in:
| Autore principale: | |
|---|---|
| Natura: | Capitolo di libro |
| Lingua: | slovacco |
| Soggetti: | |
| Tags: |
Nessun Tag, puoi essere il primo ad aggiungerne!!
|
MARC
| LEADER | 00000naa a2200000 4500 | ||
|---|---|---|---|
| 001 | 0306718 | ||
| 005 | 20250130123939.4 | ||
| 041 | 0 | |a slo | |
| 044 | |a SK | ||
| 245 | 1 | 0 | |a Najnovšia amnestia vo veciach priestupkov |c Helena Spišiaková |
| 520 | |a Vláda Slovenskej republiky nedávno udelila amnestiu na priestupky súvisiace s protipandemickými opatreniami zavedenými počas COVID-19. Článok obsahuje podrobnosti o právnych úpravách a mechanizmoch, ktoré určujú aplikáciu a obmedzenia tejto amnestie, pričom konkretizuje, že sa nevzťahuje na iné správne delikty ani na priestupky nesúvisiace s protipandemickými opatreniami. | ||
| 610 | 2 | 0 | |a priestupky |
| 610 | 2 | 0 | |a opatrenia |
| 610 | 2 | 0 | |a pandémia |
| 610 | 2 | 0 | |a úpravy právne |
| 610 | 2 | 0 | |a ochrana civilná |
| 100 | 1 | |a Spišiaková, Helena | |